[Event "DSOL 2021"]
[Site "Germany"]
[Date "2021.03.25"]
[Round "7.2"]
[White "Bosser, Heinz-Dieter"]
[Black "Kempe, Kay"]
[Result "1-0"]
[WhiteElo "1947"]
[BlackElo "2037"]
[Annotator "TA"]
[PlyCount "95"]
[EventDate "2021.01.18"]
[EventType "team-tourn"]
[EventCountry "GER"]
[SourceTitle "playchess.com"]
[Source "ChessBase"]
[SourceQuality "1"]

1. d4 Nf6 2. c4 g6 3. Nc3 Bg7 4. e4 d6 5. Nf3 O-O 6. Be2 e5 7. O-O Nc6 8. d5 Ne7 9. b4 a5 10. bxa5 Rxa5 11. Nd2 b6 12. Nb3 Ra8 13. a4 Nd7 14. a5 bxa5 15. Nxa5 Ba6 16. Nb3 f5 17. f3 Qb8 18. Be3 Qb4 19. Ra4 Qb7 20. Qc2 Rfb8 21. Rb1 Qc8 22. c5 dxc5 23. Bxa6 Rxa6 24. Nxc5 Nxc5 25. Bxc5 Rxb1+ 26. Nxb1 Bf8 27. Be3 Rxa4 28. Qxa4 fxe4 29. fxe4 Qg4 30. Nc3 h5 31. Qd1 Qc8 32. Qc2 Qa6 33. h3 Qc4 34. Bd2 Nc8 35. Qa2 Qd4+ 36. Kh1 Kg7 37. Be1 Bc5 38. Ne2 Qxe4 39. Bc3 Nd6 40. Qb2 Kh7 41. Ng3 Qe3 42. Ne2 Nc4 43. Qb5 Qxe2 44. Qxc5 Ne3 45. Qe7+ Kh6 46. Qf8+ Kg5 47. Qe7+ Kf5 48. Qxe5# 1-0

[Event "DSOL 2021"]
[Site "Germany"]
[Date "2021.03.25"]
[Round "7.2"]
[White "Lehmann, Martin"]
[Black "Shikhman, Vladimir"]
[Result "0-1"]
[WhiteElo "1947"]
[BlackElo "1716"]
[Annotator "TA"]
[PlyCount "58"]
[EventDate "2021.01.18"]
[EventType "team-tourn"]
[EventCountry "GER"]
[SourceTitle "playchess.com"]
[Source "ChessBase"]
[SourceQuality "1"]

1. e4 d6 2. d4 Nf6 3. Nc3 g6 4. f3 Bg7 5. Be3 O-O 6. Qd2 c6 7. Bh6 e5 8. Bxg7 Kxg7 9. O-O-O Qa5 10. g4 b5 11. Kb1 b4 12. Nce2 Be6 13. d5 cxd5 14. g5 Nh5 15. exd5 Bd7 16. Ng3 Na6 17. Nxh5+ gxh5 18. Ne2 Bf5 19. Ng3 Bg6 20. Bh3 Nc5 21. Nf5+ Bxf5 22. Bxf5 Na4 23. Rde1 Nc3+ 24. bxc3 bxc3 25. Qc1 Rab8+ 26. Ka1 Rb2 27. Qxb2 cxb2+ 28. Kxb2 Rb8+ 29. Kc1 Qxd5 0-1

[Event "DSOL 2021"]
[Site "Germany"]
[Date "2021.03.25"]
[Round "7.2"]
[White "Wendler, Werner"]
[Black "Schoenfelder, Felix"]
[Result "1-0"]
[WhiteElo "1936"]
[BlackElo "1821"]
[Annotator "TA"]
[PlyCount "53"]
[EventDate "2021.01.18"]
[EventType "team-tourn"]
[EventCountry "GER"]
[SourceTitle "playchess.com"]
[Source "ChessBase"]
[SourceQuality "1"]

1. d4 Nf6 2. g3 g6 3. Bg2 d6 4. e4 Bg7 5. Ne2 Nbd7 6. Nbc3 O-O 7. h3 e5 8. d5 a5 9. Be3 b6 10. Qd2 Nc5 11. O-O Re8 12. a3 a4 13. Rfb1 Ba6 14. Nc1 Bb7 15. Nd3 Nxd3 16. cxd3 Nd7 17. Bf3 Nc5 18. Bd1 Ba6 19. Bxc5 bxc5 20. Bxa4 Rf8 21. Bc6 Rb8 22. b4 cxb4 23. axb4 f5 24. Rxa6 f4 25. g4 Qh4 26. f3 h5 27. Qg2 1-0

[Event "DSOL 2021"]
[Site "Germany"]
[Date "2021.03.25"]
[Round "7.2"]
[White "Busch, Michael"]
[Black "Steinbach, Julian"]
[Result "0-1"]
[WhiteElo "1927"]
[BlackElo "1704"]
[Annotator "TA"]
[PlyCount "48"]
[EventDate "2021.01.18"]
[EventType "team-tourn"]
[EventCountry "GER"]
[SourceTitle "playchess.com"]
[Source "ChessBase"]
[SourceQuality "1"]

1. Nf3 d5 2. g3 c5 3. Bg2 Nf6 4. O-O e6 5. d4 cxd4 6. Nxd4 e5 7. Nf3 Nc6 8. c4 d4 9. e3 Be7 10. exd4 exd4 11. Re1 O-O 12. b3 Bg4 13. h3 Bh5 14. Bb2 Bc5 15. Nbd2 Qc7 16. g4 Bg6 17. Nh4 Rad8 18. Nxg6 fxg6 19. Nf3 d3 20. Qd2 h5 21. g5 Ng4 22. hxg4 hxg4 23. Ne5 g3 24. Re3 Rxf2 0-1

[Event "DSOL 2021"]
[Site "Germany"]
[Date "2021.03.24"]
[Round "7.2"]
[White "Lau, Felix"]
[Black "Fiedler, Lars"]
[Result "0-1"]
[WhiteElo "1927"]
[BlackElo "1592"]
[Annotator "TA"]
[PlyCount "62"]
[EventDate "2021.01.18"]
[EventType "team-tourn"]
[EventCountry "GER"]
[SourceTitle "playchess.com"]
[Source "ChessBase"]
[SourceQuality "1"]

1. e4 e5 2. Nc3 Nf6 3. f4 d5 4. fxe5 Nxe4 5. d3 Qh4+ 6. g3 Nxg3 7. Nf3 Qh5 8. Bg2 Nxh1 9. Nxd5 Na6 10. Nf4 Qh6 11. Qe2 Qb6 12. Nd5 Qa5+ 13. Nc3 Bb4 14. Bd2 c6 15. Bxh1 Nc7 16. Ne4 Bxd2+ 17. Nfxd2 O-O 18. Ng5 Bf5 19. O-O-O Ne6 20. Rg1 Qxa2 21. Be4 Qa1+ 22. Nb1 Bxe4 23. Nxe4 Qa5 24. Qh5 Kh8 25. b4 Qb6 26. Rg3 Qxb4 27. Rxg7 Qe1+ 28. Kb2 Nxg7 29. Qh6 Rae8 30. Nf6 Qxe5+ 31. c3 Qf5 0-1

[Event "DSOL 2021"]
[Site "Germany"]
[Date "2021.03.24"]
[Round "7.2"]
[White "Schulze Bisping, Franz-Adolf"]
[Black "Gebert-Vangeel, Ralf"]
[Result "1-0"]
[WhiteElo "1926"]
[BlackElo "1427"]
[Annotator "TA"]
[PlyCount "127"]
[EventDate "2021.01.18"]
[EventType "team-tourn"]
[EventCountry "GER"]
[SourceTitle "playchess.com"]
[Source "ChessBase"]
[SourceQuality "1"]

1. d4 d5 2. c4 c6 3. cxd5 cxd5 4. Nc3 Nf6 5. Nf3 Nc6 6. Bf4 a6 7. e3 g6 8. h3 Bg7 9. Bd3 O-O 10. O-O Re8 11. Rc1 Nh5 12. Bh2 f5 13. Qb3 e6 14. Rfd1 Nf6 15. Ne5 Na5 16. Qc2 b5 17. a4 b4 18. Ne2 Bd7 19. b3 Rc8 20. Qb1 Qb6 21. Rxc8 Rxc8 22. Rd2 Nc6 23. Rc2 Nxe5 24. Bxe5 Ne8 25. Qc1 Rxc2 26. Qxc2 Bxe5 27. dxe5 Kf7 28. Kf1 Ke7 29. Ke1 Kf7 30. Kd2 Ke7 31. Qb2 Nc7 32. Qd4 Qxd4 33. Nxd4 a5 34. Be2 Kd8 35. Nf3 h6 36. Kd3 Na8 37. Kd4 Kc7 38. Kc5 g5 39. Nd4 Nb6 40. Bb5 Bc8 41. Nc6 Nd7+ 42. Kd4 Kb6 43. Ne7 Kc7 44. Ng8 h5 45. h4 gxh4 46. Bxd7 Bxd7 47. Nf6 Bc8 48. Nxh5 Kb6 49. Nf4 Kc6 50. Ng6 Ba6 51. Nxh4 Be2 52. Nf3 Bf1 53. Ng5 Kd7 54. Kc5 Bd3 55. Kb6 Bc2 56. Kxa5 Bxb3 57. Kxb4 Bc4 58. Nf3 Bf1 59. g3 Ba6 60. Nd4 Bc8 61. Kc5 Kc7 62. a5 Kb7 63. Kd6 Ka6 64. Nxe6 1-0

[Event "DSOL 2021"]
[Site "Germany"]
[Date "2021.03.26"]
[Round "7.2"]
[White "Browning, Rebecca"]
[Black "Zehrfeld, Thorsten"]
[Result "1/2-1/2"]
[WhiteElo "1918"]
[BlackElo "1831"]
[Annotator "ChessBase"]
[PlyCount "155"]
[EventDate "2021.01.18"]
[EventType "team-tourn"]
[EventCountry "GER"]
[SourceTitle "playchess.com"]
[Source "ChessBase"]
[SourceQuality "1"]
[WhiteTeam "SG Porz II"]
[BlackTeam "SK Rochade Augsburg"]

1. e4 c6 2. d4 g6 3. Nf3 Bg7 4. Nc3 d5 5. exd5 cxd5 6. Be2 Nf6 7. O-O O-O 8. Bf4 Nc6 9. Ne5 Bd7 10. Bf3 e6 11. Nxc6 Bxc6 12. Ne2 Qb6 13. Rb1 Rfd8 14. c3 Bb5 15. Re1 Ne4 16. Ng3 Nxg3 17. fxg3 Rac8 18. Be2 e5 19. Bxe5 Bxe5 20. Bxb5 Bxg3 21. hxg3 Qxb5 22. Qf3 Re8 23. Rf1 Rc7 24. a4 Qc6 25. Rbe1 Rce7 26. Re5 f5 27. Qxd5+ Qxd5 28. Rxd5 Rc8 29. g4 fxg4 30. Rg5 Re4 31. Kh2 Kg7 32. Rb5 Rc7 33. d5 Rxa4 34. Rd1 Ra6 35. c4 b6 36. d6 Rd7 37. Re5 Kf6 38. Re4 Ra5 39. Rxg4 Ke6 40. Rgd4 Rh5+ 41. Kg1 a5 42. Re1+ Re5 43. Red1 Re2 44. b3 Re3 45. b4 axb4 46. Kf2 Re5 47. Rb1 Rxd6 48. Rxd6+ Kxd6 49. Rxb4 Kc6 50. Rb1 Re6 51. Rb5 Re4 52. Rb4 h5 53. Kf3 Rd4 54. Ke3 Rg4 55. Kf3 Rg5 56. g3 Ra5 57. Kf4 Ra3 58. Rb5 Rc3 59. Rb4 Kc7 60. g4 hxg4 61. Kxg4 Kc6 62. Kg5 Rg3+ 63. Kf4 Rg1 64. Rb2 Rc1 65. Rb4 Re1 66. Kg5 Re6 67. Rb5 Kc7 68. Kf4 Rd6 69. c5 Rf6+ 70. Kg4 bxc5 71. Rxc5+ Kd6 72. Ra5 Ke7 73. Ra7+ Ke6 74. Kg5 Rf1 75. Ra6+ Kf7 76. Ra7+ Ke6 77. Ra6+ Kf7 78. Ra7+ 1/2-1/2

[Event "DSOL 2021"]
[Site "Germany"]
[Date "2021.03.25"]
[Round "7.2"]
[White "Aden, Tammo"]
[Black "Schmidt, Oliver"]
[Result "1-0"]
[WhiteElo "1907"]
[BlackElo "1989"]
[Annotator "TA"]
[PlyCount "109"]
[EventDate "2021.01.18"]
[EventType "team-tourn"]
[EventCountry "GER"]
[SourceTitle "playchess.com"]
[Source "ChessBase"]
[SourceQuality "1"]

1. d4 c5 2. d5 Nf6 3. c4 e6 4. Nc3 exd5 5. cxd5 d6 6. e4 g6 7. Nf3 Bg7 8. Be2 O-O 9. O-O a6 10. a4 Bg4 11. Nd2 Bxe2 12. Qxe2 Nbd7 13. Nc4 Nb6 14. Bf4 Nxc4 15. Qxc4 Ng4 16. Bg3 h5 17. h3 h4 18. Bxd6 Qxd6 19. hxg4 Qf4 20. Ne2 Qxg4 21. f3 Qg5 22. f4 Qg4 23. Qd3 c4 24. Qxc4 b5 25. Qd3 Bxb2 26. Ra2 Bg7 27. e5 bxa4 28. Nd4 Bh6 29. Qf3 Qxf3 30. Rxf3 g5 31. fxg5 Bxg5 32. Rxa4 Rad8 33. Nc6 Rxd5 34. Rg4 Rd1+ 35. Kh2 f6 36. exf6 Rd6 37. Rxg5+ Kh7 38. Ne5 Rdxf6 39. Rxf6 Rxf6 40. Nf3 Rg6 41. Rxg6 Kxg6 42. Kh3 a5 43. Kxh4 a4 44. Ne5+ Kf5 45. Nc4 Kg6 46. Kg4 Kf6 47. Kh5 Ke6 48. g4 Kf7 49. Kh6 Kg8 50. Kg6 Kh8 51. Kf7 Kh7 52. g5 a3 53. Nxa3 Kh8 54. Nc4 Kh7 55. g6+ 1-0

[Event "DSOL 2021"]
[Site "Germany"]
[Date "2021.03.22"]
[Round "7.2"]
[White "Schmitt, Carsten"]
[Black "Gundlach, Frank"]
[Result "1/2-1/2"]
[WhiteElo "1901"]
[BlackElo "2150"]
[Annotator "TA"]
[PlyCount "32"]
[EventDate "2021.01.18"]
[EventType "team-tourn"]
[EventCountry "GER"]
[SourceTitle "playchess.com"]
[Source "ChessBase"]
[SourceQuality "1"]

1. c4 Nf6 2. g3 e5 3. Bg2 d5 4. cxd5 Nxd5 5. Nc3 Nb6 6. Nf3 Nc6 7. O-O Be7 8. d3 g5 9. a3 g4 10. Nd2 h5 11. Nc4 h4 12. b4 hxg3 13. hxg3 Nxc4 14. dxc4 Nd4 15. Nb5 c6 16. Nxd4 exd4 1/2-1/2

[Event "DSOL 2021"]
[Site "Germany"]
[Date "2021.03.24"]
[Round "7.2"]
[White "Schulz, Bernd"]
[Black "Solberg, Kirsten"]
[Result "0-1"]
[WhiteElo "1894"]
[BlackElo "1925"]
[Annotator "TA"]
[PlyCount "120"]
[EventDate "2021.01.18"]
[EventType "team-tourn"]
[EventCountry "GER"]
[SourceTitle "playchess.com"]
[Source "ChessBase"]
[SourceQuality "1"]

1. e4 c5 2. c3 d6 3. d4 cxd4 4. cxd4 Nd7 5. Nf3 g6 6. Nc3 Bg7 7. Be3 Ngf6 8. Be2 O-O 9. O-O b6 10. Nd2 Bb7 11. f4 e5 12. Bf3 exd4 13. Bxd4 Nc5 14. e5 dxe5 15. Bxe5 Bxf3 16. Nxf3 Qd3 17. Qe2 Qxe2 18. Nxe2 Nd3 19. Rad1 Rad8 20. g3 Ng4 21. Bxg7 Kxg7 22. Rd2 Ne3 23. Rb1 Nb4 24. Rxd8 Rxd8 25. Nc3 Nd3 26. Ne1 h5 27. Nxd3 Rxd3 28. Re1 Nc4 29. Rd1 Nxb2 30. Rxd3 Nxd3 31. Kf1 Kf6 32. Ke2 Nb4 33. Ke3 Ke6 34. Kd4 Nc6+ 35. Ke4 a6 36. Na4 Nb4 37. Nc3 b5 38. Kd4 Kd6 39. h3 Nc6+ 40. Ke4 f5+ 41. Kd3 Kc5 42. a3 a5 43. Ne2 b4 44. axb4+ axb4 45. Nc1 Nd4 46. Na2 b3 47. Nc3 Nb5 48. Na4+ Kb4 49. Nb6 Nd6 50. Nd5+ Ka3 51. Nc3 Kb2 52. Na4+ Ka3 53. Nc3 Ne4 54. Nd1 Nxg3 55. Kd4 b2 56. Nxb2 Kxb2 57. Ke5 Ne2 58. h4 Kc3 59. Kf6 Nxf4 60. Kg5 Ng2 0-1

[Event "DSOL 2021"]
[Site "Germany"]
[Date "2021.03.23"]
[Round "7.2"]
[White "Probst, Alexander"]
[Black "Loseries, Uwe"]
[Result "0-1"]
[WhiteElo "1891"]
[BlackElo "2197"]
[Annotator "TA"]
[PlyCount "98"]
[EventDate "2021.01.18"]
[EventType "team-tourn"]
[EventCountry "GER"]
[SourceTitle "playchess.com"]
[Source "ChessBase"]
[SourceQuality "1"]

1. e4 c6 2. d4 d5 3. Nc3 dxe4 4. Nxe4 Bf5 5. Ng3 Bg6 6. Bc4 e6 7. N1e2 Nf6 8. O-O Nbd7 9. Nf4 Bd6 10. Re1 Bxf4 11. Bxf4 O-O 12. Bb3 b5 13. c3 Nd5 14. Bd6 Re8 15. Bc2 Rc8 16. Bxg6 hxg6 17. Ne4 N7f6 18. Be5 Nxe4 19. Rxe4 c5 20. Qe2 c4 21. h4 f5 22. Rf4 Nxf4 23. Bxf4 Qxh4 24. g3 Qe7 25. Qe5 Qd7 26. Re1 Qd5 27. Qe3 Kf7 28. f3 Qb7 29. Kg2 Rcd8 30. Rh1 a5 31. Be5 Rh8 32. Re1 Qc6 33. Qf4 Rd5 34. g4 b4 35. gxf5 exf5 36. Rc1 Qb5 37. Qd2 Qd7 38. cxb4 Rxe5 39. Rxc4 Rd5 40. bxa5 Rd8 41. Qc3 Qd6 42. Rc6 Qf4 43. Rc7+ Kg8 44. Qc6 Qd2+ 45. Kh3 Qh6+ 46. Kg2 Rxd4 47. Qe6+ Kh8 48. Rc2 Rd2+ 49. Rxd2 Rxd2+ 0-1

[Event "DSOL 2021"]
[Site "Germany"]
[Date "2021.03.24"]
[Round "7.2"]
[White "Kemmerer, Toni"]
[Black "Brockhoff, Moritz"]
[Result "0-1"]
[WhiteElo "1884"]
[BlackElo "1985"]
[Annotator "TA"]
[PlyCount "68"]
[EventDate "2021.01.18"]
[EventType "team-tourn"]
[EventCountry "GER"]
[SourceTitle "playchess.com"]
[Source "ChessBase"]
[SourceQuality "1"]

1. e4 e5 2. Nf3 Nf6 3. Nc3 Nc6 4. Bc4 Nxe4 5. Nxe4 d5 6. Qe2 dxc4 7. Qxc4 f5 8. Nc3 e4 9. Ng1 Nb4 10. Nb5 c6 11. Na3 Bd6 12. Ne2 Qf6 13. Qc3 Qe7 14. O-O Nd5 15. Qb3 f4 16. Nb5 Bb8 17. Nbc3 f3 18. Nxd5 cxd5 19. gxf3 O-O 20. Qxd5+ Be6 21. Qxe4 Qf7 22. Ng3 Bd5 23. Qg4 Bxf3 24. Qh4 Bxg3 25. hxg3 Qg6 26. Qc4+ Kh8 27. a4 Rf5 28. Ra3 Bd5 29. Qc7 Qh5 30. f3 Rxf3 31. Rfxf3 Bxf3 32. Rxf3 Qxf3 33. Qf4 Qd1+ 34. Qf1 Qxc2 0-1

[Event "DSOL 2021"]
[Site "Germany"]
[Date "2021.03.26"]
[Round "7.2"]
[White "Luig, Benjamin"]
[Black "Andrae, Ralf"]
[Result "0-1"]
[WhiteElo "1871"]
[BlackElo "2006"]
[Annotator "TA"]
[PlyCount "50"]
[EventDate "2021.01.18"]
[EventType "team-tourn"]
[EventCountry "GER"]
[SourceTitle "playchess.com"]
[Source "ChessBase"]
[SourceQuality "1"]
[WhiteTeam "SC Kreuzberg I"]
[BlackTeam "SF Bad Tölz"]

1. d4 g6 2. c4 Bg7 3. Nf3 c5 4. g3 cxd4 5. Nxd4 d5 6. Nc2 d4 7. e3 e5 8. exd4 exd4 9. Bg2 Qe7+ 10. Qe2 Nc6 11. Qxe7+ Ngxe7 12. Be4 Bh3 13. Nd2 O-O-O 14. Kd1 Rhe8 15. Ne1 Ne5 16. Nd3 f5 17. Nxe5 fxe4 18. Nf7 Rd7 19. Nxe4 Bg4+ 20. Kd2 Nf5 21. Nfg5 d3 22. Re1 Be2 23. Nc3 Nd4 24. Rb1 h6 25. Nxe2 dxe2 0-1

[Event "DSOL 2021"]
[Site "Germany"]
[Date "2021.03.22"]
[Round "7.2"]
[White "Meyjohann, Patrick"]
[Black "Idelsohn, Garcia Jorge Francis"]
[Result "1/2-1/2"]
[WhiteElo "1868"]
[BlackElo "1900"]
[Annotator "TA"]
[PlyCount "64"]
[EventDate "2021.01.18"]
[EventType "team-tourn"]
[EventCountry "GER"]
[SourceTitle "playchess.com"]
[Source "ChessBase"]
[SourceQuality "1"]

1. e4 e5 2. Nf3 Nc6 3. Bc4 Nf6 4. d3 Bc5 5. c3 d6 6. a4 a6 7. h3 O-O 8. O-O Be6 9. Nbd2 Qe7 10. Re1 Nh5 11. b4 Ba7 12. Nf1 Bxc4 13. dxc4 Qe6 14. Be3 Nf4 15. Bxf4 exf4 16. Qd5 Rfe8 17. N1d2 h6 18. a5 Rab8 19. b5 Ne5 20. Rab1 Nd7 21. bxa6 bxa6 22. Rxb8 Rxb8 23. Qc6 Bc5 24. Nd4 Qe8 25. N2f3 Ne5 26. Nxe5 Qxe5 27. Qxc7 Rb2 28. Qc8+ Kh7 29. Qd7 Qf6 30. Qc8 Qe5 31. Qd7 Kg8 32. Qc8+ Kh7 1/2-1/2

[Event "DSOL 2021"]
[Site "Germany"]
[Date "2021.03.23"]
[Round "7.2"]
[White "Pougin, Elias"]
[Black "Block, Frank"]
[Result "1/2-1/2"]
[WhiteElo "1838"]
[BlackElo "1715"]
[Annotator "NA RC"]
[PlyCount "67"]
[EventDate "2021.01.18"]
[EventType "team-tourn"]
[EventCountry "GER"]
[SourceTitle "playchess.com"]
[Source "ChessBase"]
[SourceQuality "1"]

1. c4 e5 2. g3 Nf6 3. Bg2 c6 4. Nf3 e4 5. Nd4 d5 6. d3 Bb4+ 7. Bd2 Bxd2+ 8. Qxd2 O-O 9. O-O exd3 10. Qxd3 dxc4 11. Qxc4 Nbd7 12. Rd1 Nb6 13. Qc2 Qe7 14. Nc3 Bg4 15. Nf3 Bxf3 16. Bxf3 Rfd8 17. Rxd8+ Rxd8 18. Rd1 Rxd1+ 19. Qxd1 g6 20. Qd4 h5 21. Na4 Nfd7 22. Nxb6 Nxb6 23. b4 Qd7 24. Qb2 Qf5 25. a3 Nc4 26. Qc3 Ne5 27. Bg2 Ng4 28. Qf3 Qb1+ 29. Bf1 Nxh2 30. Kxh2 Qxf1 31. e4 Qa1 32. Qe3 b6 33. e5 Qa2 34. Kg2 1/2-1/2

[Event "DSOL 2021"]
[Site "Germany"]
[Date "2021.03.24"]
[Round "7.2"]
[White "Drescher, Werner"]
[Black "Bacholke, Michael"]
[Result "1-0"]
[WhiteElo "1827"]
[BlackElo "2058"]
[Annotator "TA"]
[PlyCount "43"]
[EventDate "2021.01.18"]
[EventType "team-tourn"]
[EventCountry "GER"]
[SourceTitle "playchess.com"]
[Source "ChessBase"]
[SourceQuality "1"]

1. d4 d6 2. e4 Nf6 3. Nc3 c6 4. a4 Qa5 5. Bd3 e5 6. Nge2 Be7 7. O-O Na6 8. Bd2 Qc7 9. f4 exd4 10. Nxd4 Qb6 11. Nce2 Nc5 12. a5 Qc7 13. Ng3 O-O 14. Bc3 Re8 15. Ndf5 Bxf5 16. Nxf5 Ncd7 17. Qe1 Bf8 18. Qh4 Nxe4 19. Bxe4 Rxe4 20. Nh6+ Kh8 21. Nxf7+ Kg8 22. Ng5 1-0

[Event "DSOL 2021"]
[Site "Germany"]
[Date "2021.03.23"]
[Round "7.2"]
[White "Friedrich, Karl"]
[Black "Dietz, Andre"]
[Result "0-1"]
[WhiteElo "1816"]
[BlackElo "1737"]
[Annotator "NA RC"]
[PlyCount "50"]
[EventDate "2021.01.18"]
[EventType "team-tourn"]
[EventCountry "GER"]
[SourceTitle "playchess.com"]
[Source "ChessBase"]
[SourceQuality "1"]

1. Nf3 d6 2. d4 Nf6 3. c4 Nbd7 4. Nc3 e5 5. dxe5 dxe5 6. e4 c6 7. Be2 Qc7 8. O-O Be7 9. b3 Nc5 10. Nd2 Be6 11. Qc2 O-O 12. Bb2 a5 13. f3 Rfd8 14. Rad1 Nh5 15. Rfe1 Nf4 16. Nf1 a4 17. b4 a3 18. Bc1 Na6 19. Bxf4 Nxb4 20. Bxe5 Qb6+ 21. Bd4 Rxd4 22. Na4 Rxa4 23. Qxa4 Rxd1+ 24. c5 Qxc5+ 25. Kh1 Rxe1 0-1

[Event "DSOL 2021"]
[Site "Germany"]
[Date "2021.03.26"]
[Round "7.2"]
[White "Poggemann, Alexander"]
[Black "Fucik, Timo"]
[Result "0-1"]
[WhiteElo "1813"]
[BlackElo "1817"]
[Annotator "NA"]
[PlyCount "168"]
[EventDate "2021.01.18"]
[EventType "team-tourn"]
[EventCountry "GER"]
[SourceTitle "playchess.com"]
[Source "ChessBase"]
[SourceQuality "1"]
[WhiteTeam "SV Hemer"]
[BlackTeam "SK Ettlingen II"]

1. e4 c5 2. c3 d6 3. d4 Nf6 4. Bd3 g6 5. Nf3 Bg7 6. O-O O-O 7. Bg5 h6 8. Bf4 Nbd7 9. Nbd2 cxd4 10. cxd4 e5 11. dxe5 dxe5 12. Bg3 Nh5 13. Rc1 b6 14. Bb5 Bb7 15. Nc4 Nxg3 16. hxg3 Nc5 17. Ncxe5 Bxe4 18. Bc6 Qxd1 19. Rcxd1 Bxc6 20. Nxc6 Bxb2 21. Rfe1 Kg7 22. Re7 Bf6 23. Rxa7 Rxa7 24. Nxa7 Ra8 25. Nc6 Rxa2 26. Nfe5 Ne4 27. f3 Nxg3 28. Rd7 Ne2+ 29. Kf1 Ng3+ 30. Kg1 Ne2+ 31. Kf1 Bxe5 32. Nxe5 Ng3+ 33. Kg1 Kf6 34. Nxf7 Ne2+ 35. Kf1 Ng3+ 36. Kg1 h5 37. Nd8 Ne2+ 38. Kf1 Ng3+ 39. Kg1 Ne2+ 40. Kf1 b5 41. Rd6+ Ke7 42. Nb7 Ng3+ 43. Kg1 Ne2+ 44. Kf1 Nf4 45. g3 b4 46. gxf4 b3 47. Rxg6 b2 48. Rb6 Ra1+ 49. Kg2 b1=Q 50. Rxb1 Rxb1 51. Nc5 Rb8 52. Ne4 Ke6 53. Kh3 Rh8 54. Kh4 Kf5 55. Nd6+ Kxf4 56. Nf7 Rh7 57. Ng5 Rh6 58. Nf7 Rh7 59. Ng5 Ra7 60. Ne6+ Kf5 61. Ng5 Ra1 62. Nh3 Rh1 63. Kg3 Kg6 64. Nf4+ Kh6 65. Nh3 Ra1 66. Nf4 Ra4 67. Nh3 h4+ 68. Kf2 Kg6 69. Kg2 Ra2+ 70. Kg1 Kf5 71. Kh1 Rb2 72. Kg1 Ra2 73. Kh1 Rc2 74. Kg1 Rd2 75. Kh1 Rc2 76. Kg1 Rb2 77. Kh1 Ke5 78. Kg1 Ra2 79. Kh1 Kd4 80. Kg1 Ke3 81. f4 Kf3 82. f5 Kg3 83. Kf1 Kxh3 84. f6 Ra6 0-1

[Event "DSOL 2021"]
[Site "Germany"]
[Date "2021.03.23"]
[Round "7.2"]
[White "Henrich, Heinz"]
[Black "Fischer, Klaus"]
[Result "0-1"]
[WhiteElo "1808"]
[BlackElo "1841"]
[Annotator "NA RC"]
[PlyCount "90"]
[EventDate "2021.01.18"]
[EventType "team-tourn"]
[EventCountry "GER"]
[SourceTitle "playchess.com"]
[Source "ChessBase"]
[SourceQuality "1"]

1. Nf3 c5 2. c3 e6 3. d4 Nf6 4. Bg5 h6 5. Bh4 cxd4 6. cxd4 Qa5+ 7. Nbd2 Ne4 8. a3 Nxd2 9. Qxd2 Qxd2+ 10. Nxd2 d5 11. e3 Nc6 12. Bd3 f5 13. f4 a5 14. Rc1 Bd6 15. Bf2 Bd7 16. Ke2 O-O 17. h3 Rfc8 18. g4 g6 19. Rc2 Kf7 20. Nf3 b5 21. Rhc1 Rab8 22. Be1 b4 23. axb4 axb4 24. b3 Na5 25. Rxc8 Bxc8 26. Nd2 fxg4 27. hxg4 e5 28. fxe5 Bxg4+ 29. Kf2 Be7 30. Kg2 Rc8 31. Rxc8 Bxc8 32. e4 Bb7 33. Kf3 Bg5 34. exd5 Bxd5+ 35. Be4 Ke6 36. Bxd5+ Kxd5 37. Ne4 Nxb3 38. Nxg5 Nxd4+ 39. Kf4 hxg5+ 40. Kxg5 Nf3+ 41. Kxg6 Nxe1 42. Kf6 Nd3 43. e6 Nc5 44. e7 Ne4+ 45. Kf7 Nd6+ 0-1

[Event "DSOL 2021"]
[Site "Germany"]
[Date "2021.03.24"]
[Round "7.2"]
[White "Hillebrand, Philipp"]
[Black "Wilde, Pierre"]
[Result "1/2-1/2"]
[WhiteElo "1801"]
[BlackElo "1733"]
[Annotator "NA RC"]
[PlyCount "63"]
[EventDate "2021.01.18"]
[EventType "team-tourn"]
[EventCountry "GER"]
[SourceTitle "playchess.com"]
[Source "ChessBase"]
[SourceQuality "1"]

1. Nf3 Nf6 2. c4 e6 3. g3 b6 4. Bg2 Bb7 5. O-O c5 6. Nc3 Be7 7. d4 cxd4 8. Qxd4 d6 9. Bg5 a6 10. Bxf6 Bxf6 11. Qd3 Be7 12. Rfd1 Ra7 13. Rd2 O-O 14. Ne4 Ba8 15. Rad1 Rd7 16. h4 h6 17. Qb1 Qc7 18. b3 Nc6 19. Nc3 Rfd8 20. Rc1 Qb8 21. a4 Nb4 22. Rcd1 Rc7 23. Na2 Nxa2 24. Qxa2 b5 25. cxb5 axb5 26. axb5 Qxb5 27. Nd4 Qb8 28. Bxa8 Qxa8 29. Qxa8 Rxa8 30. Nb5 Rb7 31. Nxd6 Bxd6 32. Rxd6 1/2-1/2

[Event "DSOL 2021"]
[Site "Germany"]
[Date "2021.03.26"]
[Round "7.2"]
[White "Smartie"]
[Black "Mentlein, Horst"]
[Result "1-0"]
[WhiteElo "1793"]
[BlackElo "1790"]
[Annotator "NA"]
[PlyCount "25"]
[EventDate "2021.01.18"]
[EventType "team-tourn"]
[EventCountry "GER"]
[SourceTitle "playchess.com"]
[Source "ChessBase"]
[SourceQuality "1"]
[WhiteTeam "SG Solingen I"]
[BlackTeam "Lübecker SV"]

1. e4 c6 2. Nf3 d5 3. exd5 cxd5 4. Ne5 Nc6 5. d4 Qb6 6. c3 Nf6 7. Bd3 g6 8. Qe2 Bg7 9. Nd2 O-O 10. Ndf3 Bf5 11. Bxf5 gxf5 12. O-O Ne4 13. Nd7 1-0

[Event "DSOL 2021"]
[Site "Germany"]
[Date "2021.03.23"]
[Round "7.2"]
[White "Mandelkow, Elias"]
[Black "Heidt, Viktor"]
[Result "0-1"]
[WhiteElo "1782"]
[BlackElo "1686"]
[Annotator "NA RC"]
[PlyCount "78"]
[EventDate "2021.01.18"]
[EventType "team-tourn"]
[EventCountry "GER"]
[SourceTitle "playchess.com"]
[Source "ChessBase"]
[SourceQuality "1"]

1. d4 Nf6 2. c4 e6 3. Nf3 Bb4+ 4. Nbd2 d6 5. a3 Bxd2+ 6. Qxd2 b6 7. b4 Bb7 8. Bb2 Nbd7 9. e3 Ne4 10. Qc2 O-O 11. Bd3 f5 12. O-O Qe7 13. Rac1 c5 14. Rfd1 Rac8 15. Qb1 cxd4 16. Nxd4 Ne5 17. f3 Nxd3 18. Qxd3 Ng5 19. Nb5 Nxf3+ 20. gxf3 Qg5+ 21. Kf2 Qh4+ 22. Kf1 Bxf3 23. Rd2 Be4 24. Qxd6 Rcd8 25. Qxe6+ Kh8 26. Qe5 Qh3+ 27. Ke1 Qxe3+ 28. Kf1 Qf3+ 29. Ke1 Qe3+ 30. Kf1 Qf3+ 31. Ke1 Qh1+ 32. Ke2 Qg2+ 33. Ke1 Qxd2+ 34. Kf1 Qg2+ 35. Ke1 Qg1+ 36. Ke2 Qg2+ 37. Ke1 Rd3 38. Qf4 Rf3 39. Rc2 Qf1+ 0-1

[Event "DSOL 2021"]
[Site "Germany"]
[Date "2021.03.25"]
[Round "7.2"]
[White "Westerhaus, Jonas"]
[Black "Maier, Michael"]
[Result "1-0"]
[WhiteElo "1774"]
[BlackElo "1588"]
[Annotator "NA RC"]
[PlyCount "127"]
[EventDate "2021.01.18"]
[EventType "team-tourn"]
[EventCountry "GER"]
[SourceTitle "playchess.com"]
[Source "ChessBase"]
[SourceQuality "1"]

1. d4 Nf6 2. Bg5 d5 3. e3 c6 4. Bxf6 exf6 5. g3 Bd6 6. Bg2 Bf5 7. Ne2 Nd7 8. Nd2 O-O 9. O-O Re8 10. c4 dxc4 11. Nxc4 Bf8 12. Nc3 Nb6 13. Nxb6 Qxb6 14. Qd2 Rad8 15. a3 Bc8 16. Qc2 f5 17. b4 a5 18. Na4 Qb5 19. bxa5 Qxa5 20. Rfc1 g6 21. Nc5 Bg7 22. Qb3 Re7 23. Qb4 Qc7 24. Rab1 Qd6 25. a4 g5 26. Nd3 Qxb4 27. Rxb4 f4 28. gxf4 Bf5 29. Nc5 gxf4 30. Rxb7 Rxb7 31. Nxb7 Rb8 32. Nd6 Bd7 33. Bxc6 Bxc6 34. Rxc6 fxe3 35. fxe3 Bh6 36. Nf5 Bg5 37. h4 Bd8 38. Kf2 Kf8 39. Kf3 Ra8 40. Rc4 Ra5 41. e4 Ra8 42. e5 Rb8 43. Ke4 Ke8 44. h5 Kd7 45. Nd6 f6 46. Nb5 fxe5 47. dxe5 Ba5 48. Kd5 Ke7 49. Rc6 Rd8+ 50. Rd6 Rg8 51. Ra6 Rd8+ 52. Ke4 Be1 53. Ra7+ Kf8 54. Rxh7 Rd2 55. Kf5 Bg3 56. h6 Re2 57. e6 Re5+ 58. Kf6 Kg8 59. Rg7+ Kh8 60. Rxg3 Re1 61. Rg5 Kh7 62. e7 Kxh6 63. Re5 Rf1+ 64. Ke6 1-0